Диалоги о культуре и искусстве (Запись № 13135621)

Подробности
000 -МАРКЕР
контрольное поле 03090nam1a2200397 i 4500
001 - ИДЕНТИФИКАТОР ЗАПИСИ
контрольное поле RU\NLR\BIBL_A\012785177
005 - ИДЕНТИФИКАТОР ВЕРСИИ
контрольное поле 20260409065346.0
010 ## - МЕЖДУНАРОДНЫЙ СТАНДАРТНЫЙ НОМЕР КНИГИ (ISBN)
Номер (ISBN) 9785912014048
Тираж 200
035 ## - ДРУГИЕ СИСТЕМНЫЕ НОМЕРА
Идентификатор записи (NLR Aleph) 012785177
100 ## - ДАННЫЕ ОБЩЕЙ ОБРАБОТКИ
Данные общей обработки 20220513d2021 k y0rusy50 ca
101 0# - ЯЗЫК РЕСУРСА
Язык текста, звукозаписи и т.д. русский
-- английский
Язык резюме английский
102 ## - СТРАНА ПУБЛИКАЦИИ ИЛИ ПРОИЗВОДСТВА
Страна публикации Российская Федерация
105 ## - ПОЛЕ КОДИРОВАННЫХ ДАННЫХ: ТЕКСТОВЫЕ МАТЕРИАЛЫ, МОНОГРАФИЧЕСКИЕ
Кодированные данные о монографическом текстовом документе z 1
181 #0 - ПОЛЕ КОДИРОВАННЫХ ДАННЫХ: ВИД СОДЕРЖАНИЯ
Код вида содержания (ISBD) i
Код характеристики содержания (ISBD) axxe
182 #0 - ПОЛЕ КОДИРОВАННЫХ ДАННЫХ: ТИП СРЕДСТВА
Код типа средства (ISBD) n - непосредственное
200 1# - ЗАГЛАВИЕ И СВЕДЕНИЯ ОБ ОТВЕТСТВЕННОСТИ
Основное заглавие Диалоги о культуре и искусстве
Сведения, относящиеся к заглавию материалы XI Всероссийской научно-практической конференции (с международным участием) (Пермь, 14-16 октября 2021 г.)
-- в 2 ч.
Первые сведения об ответственности Министерство культуры Российской Федерации, Министерство культуры Пермского края, Пермский государственный институт культуры, Центр непрерывного образования и повышения квалификации творческих и управленческих кадров в сфере культуры [и др.]
Последующие сведения об ответственности ответственный редактор: Лисенкова А. А.
203 ## - ВИД СОДЕРЖАНИЯ И ТИП СРЕДСТВА
Вид содержания Текст
Дополнительные сведения об издании визуальный
Тип средства непосредственный
210 ## - ПУБЛИКАЦИЯ, РАСПРОСТРАНЕНИЕ И ДР.
Место издания, распространения и т.д. Пермь
Имя издателя, распространителя и т. д. Редакционно-издательский отдел Управления научно-исследовательской деятельности Пермского государственного института культуры
Дата издания, распространения и т.д. 2021
215 ## - ФИЗИЧЕСКАЯ ХАРАКТЕРИСТИКА
Размеры 20
225 1# - СЕРИЯ
Основное заглавие серии Национальные проекты России
Наименование части Культура
320 ## - ПРИМЕЧАНИЯ О НАЛИЧИИ В ДОКУМЕНТЕ БИБЛИОГРАФИИ / УКАЗАТЕЛЯ
Текст примечания Библиогр. в конце ст.
606 ## - НАИМЕНОВАНИЕ ТЕМЫ КАК ПРЕДМЕТ
Наименование темы Искусство
Формальный подзаголовок Съезды, совещания и т.п
Идентификатор авторитетной/нормативной записи RU\NLR\AUTH\6626297
Системный номер авторитетной/нормативной записи 934834
606 ## - НАИМЕНОВАНИЕ ТЕМЫ КАК ПРЕДМЕТ
Наименование темы Художественное образование
Формальный подзаголовок Съезды, совещания и т.п
Системный номер авторитетной/нормативной записи 1208732
Идентификатор авторитетной/нормативной записи RU\NLR\AUTH\66171892
606 ## - НАИМЕНОВАНИЕ ТЕМЫ КАК ПРЕДМЕТ
Наименование темы Культурно-досуговая деятельность
Формальный подзаголовок Съезды, совещания и т.п
Системный номер авторитетной/нормативной записи 2595259
Идентификатор авторитетной/нормативной записи RU\NLR\AUTH\661533457
686 1# - ИНДЕКСЫ ДРУГИХ КЛАССИФИКАЦИЙ
Индекс Щ,0я431
686 1# - ИНДЕКСЫ ДРУГИХ КЛАССИФИКАЦИЙ
Индекс Ч459.781я431
686 1# - ИНДЕКСЫ ДРУГИХ КЛАССИФИКАЦИЙ
Индекс Ч71я431
702 #1 - ИМЯ ЛИЦА - ВТОРИЧНАЯ ОТВЕТСТВЕННОСТЬ
Начальный элемент ввода Лисенкова
Часть имени, кроме начального элемента ввода А.А.
Расширение инициалов личного имени Анастасия Алексеевна
Код отношения Редактор
711 12 - НАИМЕНОВАНИЕ ОРГАНИЗАЦИИ - АЛЬТЕРНАТИВНАЯ ОТВЕТСТВЕННОСТЬ
Начальный элемент ввода "Диалоги о культуре и искусстве", всероссийская научно-практическая конференция (с международным участием)
Порядковый номер временной организации и / или порядковый номер ее части 11
Место проведения временной организации Пермь
Дата проведения временной организации 2021
Системный номер авторитетной/нормативной записи 798993
Идентификатор авторитетной/нормативной записи RU\NLR\AUTH\880566049
712 02 - НАИМЕНОВАНИЕ ОРГАНИЗАЦИИ - ВТОРИЧНАЯ ОТВЕТСТВЕННОСТЬ
Код отношения Прочие
Начальный элемент ввода Пермский государственный институт культуры
Структурное подразделение Центр непрерывного образования и повышения квалификации творческих и управленческих кадров в сфере культуры
Системный номер авторитетной/нормативной записи 792749
Идентификатор авторитетной/нормативной записи RU\NLR\AUTH\880562808
852 ## - МЕСТОНАХОЖДЕНИЕ И ШИФР ХРАНЕНИЯ
Идентификатор организации NLR
Шифр хранения (Call Number) 2022-3/12340
942 ## - ДОПОЛНИТЕЛЬНЫЕ ЭЛЕМЕНТЫ ЗАПИСИ (АБИС)
Тип экземпляра АБИС Книга

Нет доступных экземпляров.